Choosing priorities in science and technology
Tallennettuna:
| Päätekijä: | |
|---|---|
| Aineistotyyppi: | Kirja |
| Kieli: | Undetermined |
| Julkaistu: |
Paris
Organisation for Economic Co-operation and Development
1991
|
| Aiheet: | |
| Tagit: |
Lisää tagi
Ei tageja, Lisää ensimmäinen tagi!
|
| Thư viện lưu trữ: | Trung tâm Học liệu Trường Đại học Cần Thơ |
|---|
| LEADER | 00551nam a2200169Ia 4500 | ||
|---|---|---|---|
| 001 | CTU_78641 | ||
| 008 | 210402s9999 xx 000 0 und d | ||
| 082 | |a 601 | ||
| 082 | |b D779 | ||
| 100 | |a Drilhon, Gabriel | ||
| 245 | 0 | |a Choosing priorities in science and technology | |
| 245 | 0 | |c Gabriel Drilhon | |
| 260 | |a Paris | ||
| 260 | |b Organisation for Economic Co-operation and Development | ||
| 260 | |c 1991 | ||
| 650 | |a Science and state decision making,Technology and state dision making | ||
| 980 | |a Trung tâm Học liệu Trường Đại học Cần Thơ | ||